| 000 | 00704nam0a22002291 4500 | ||
|---|---|---|---|
| 001 | rc\584529 | ||
| 005 | 20250621173504.0 | ||
| 035 | _a(NLR Aleph) 005831667 | ||
| 090 |
_a5586725 _c5586725 |
||
| 100 | _a20031121d1988 |||y0rusy50 ca | ||
| 101 | 0 | _arus | |
| 102 | _aRU | ||
| 105 | _ay ||||||||| | ||
| 200 | 1 |
_aБиблиотека в структуре свободного времени _eЛекция _fМоск. гос. ин-т культуры |
|
| 210 |
_aМ. _cМГИК _d1988 |
||
| 215 |
_a38 с. _d20 |
||
| 700 | 1 |
_aОлзоева _bГ.К. _gГалина Кирилловна |
|
| 801 | 0 |
_aRU _bNLR _gpsbo |
|
| 801 | 1 |
_aRU _bELAR _2rusmarc |
|
| 852 |
_aNLR _bБ _j8000/О-539 |
||
| 942 | _cBOOK | ||
| 980 | _aNB | ||